Galah panjang (Record no. 109024)

MARC details
000 -LEADER
fixed length control field 00757nam a2200277 i 4500
001 - CONTROL NUMBER
control field C2-0306080
003 - CONTROL NUMBER IDENTIFIER
control field PPAK
005 - DATE AND TIME OF LATEST TRANSACTION
control field 20180728091519.0
008 - FIXED-LENGTH DATA ELEMENTS--GENERAL INFORMATION
fixed length control field 100920s2010 my |||| ||||| | may d
020 ## - INTERNATIONAL STANDARD BOOK NUMBER
International Standard Book Number 9789831981290
040 ## - CATALOGING SOURCE
Original cataloging agency PPAK
Language of cataloging eng
Transcribing agency PPAK
Description conventions rda
082 04 - DEWEY DECIMAL CLASSIFICATION NUMBER
Classification number 394.309595
Edition number 23
090 00 - LOCALLY ASSIGNED LC-TYPE CALL NUMBER (OCLC); LOCAL CALL NUMBER (RLIN)
Classification number (OCLC) (R) ; Classification number, CALL (RLIN) (NR) 394.309595
Feature heading NUR
Feature heading K
100 0# - MAIN ENTRY--PERSONAL NAME
Personal name Nur Aqielah,
Relator term author
245 10 - TITLE STATEMENT
Title Galah panjang
250 ## - EDITION STATEMENT
Edition statement Edisi 1
264 #1 - PRODUCTION, PUBLICATION, DISTRIBUTION, MANUFACTURE, AND COPYRIGHT NOTICE
Place of production, publication, distribution, manufacture Kuala Lumpur :
Name of producer, publisher, distributor, manufacturer Jade Green Publications ,
Date of production, publication, distribution, manufacture, or copyright notice 2010
300 ## - PHYSICAL DESCRIPTION
Extent 100 pages ;
Dimensions 18 cm
336 ## - CONTENT TYPE
Source rdacontent
Content type term text
337 ## - MEDIA TYPE
Source rdamedia
Media type term unmediated
338 ## - CARRIER TYPE
Source rdacarrier
Carrier type term volume
490 1# - SERIES STATEMENT
Series statement Siri sukan rakyat
650 10 - SUBJECT ADDED ENTRY--TOPICAL TERM
Topical term or geographic name entry element Games - Malaysia - Juvenile literature.
830 #0 - SERIES ADDED ENTRY--UNIFORM TITLE
Uniform title Siri sukan rakyat
942 ## - ADDED ENTRY ELEMENTS (KOHA)
-- dc
Koha item type Book
Holdings
Withdrawn Not for loan Current library Shelving location Date acquired Full call number Barcode Date last seen Koha item type Total Checkouts Date last checked out
    Perpustakaan Alor Setar Pinjaman Kanak-kanak 20/09/2010 K 394.309595 NUR A01353800 09/05/2018 Book    
    Perpustakaan Baling Pinjaman Kanak-kanak 20/09/2010 K 394.309595 NUR A01353803 20/08/2025 Book 1 16/08/2025
    Perpustakaan Bandar Baharu Pinjaman Kanak-kanak 20/09/2010 K 394.309595 NUR A01353805 09/05/2018 Book    
    Perpustakaan Jitra Pinjaman Kanak-kanak 20/09/2010 K 394.309595 NUR A01353801 09/05/2018 Book    
    Perpustakaan Kulim Pinjaman Kanak-kanak 20/09/2010 K 394.309595 NUR A01353802 09/05/2018 Book    
    Perpustakaan Langkawi Pinjaman Kanak-kanak 20/09/2010 K 394.309595 NUR A01353804 09/05/2018 Book    
    Perpustakaan Merbok Pinjaman Kanak-kanak 20/09/2010 K 394.309595 NUR A01353806 09/05/2018 Book